000 00361nam a22001577a 4500
003 SGT
020 _a9789354669071
082 _a615.39
_bE25P
100 _aPILLI, GANGA
245 _aESSENTIALS OF BLOOD BANKING & TRANSFUSION MEDICINE
250 _a3RD
260 _aINDIA
_bCBS PUB
_c2025
300 _a232
650 _aBLOOD BANKING
942 _2ddc
_cBK
999 _c28623
_d28623